| 000 | 00392nam a22001337a 4500 | ||
|---|---|---|---|
| 003 | SGT | ||
| 082 |
_a617.643 _bE11M |
||
| 100 | _aSIDDHARTH, MALHOTRA | ||
| 245 | _aEVALUATION OF BONE REGENERATION IN EXTRACTION SOCKETS WITH AND WITHOUT THE USE OF PRGF- AN IN VIVO STUDY | ||
| 260 |
_aDELHI NCR _bSGT UNIVERSITY GURUGRAM _c2012 |
||
| 300 | _a1-75 | ||
| 650 | _aORAL SURGERY | ||
| 942 |
_2ddc _cTH |
||
| 999 |
_c16162 _d16162 |
||